[Event "Charlesbourg Festival"]
[Site "Charlesbourg CAN"]
[Date "2013.06.17"]
[Round "3"]
[White "Rouleau, Claude"]
[Black "Plante, Rejean"]
[Result "0-1"]
[WhiteElo "1729"]
[BlackElo "2010"]
[PlyCount "86"]
[GameId "2160767909347756"]
[EventDate "2013.06.03"]
[EventType "swiss"]
[EventRounds "5"]
[EventCountry "CAN"]
[SourceTitle "EXT 2022"]
[Source "ChessBase"]
[SourceDate "2021.10.06"]
[SourceVersion "1"]
[SourceVersionDate "2021.10.06"]
[SourceQuality "1"]

1. e4 c5 2. Nf3 Nc6 3. d4 cxd4 4. Nxd4 Qb6 5. Nxc6 bxc6 6. Nc3 e5 7. Bc4 Nf6 8. Bb3 Ba6 9. Be3 Qa5 10. a3 Nxe4 11. Bd2 Nxd2 12. Qxd2 d5 13. O-O-O Bd6 14. Ne4 Qxd2+ 15. Nxd2 O-O 16. Rhe1 Rfe8 17. c4 Rac8 18. cxd5 cxd5+ 19. Kb1 Bd3+ 20. Ka2 Bc2 21. Rc1 Bxb3+ 22. Nxb3 f6 23. Kb1 Kf7 24. Re2 Rxc1+ 25. Kxc1 Rb8 26. Kc2 d4 27. Nd2 f5 28. Nc4 Ke6 29. Nxe5 Bxe5 30. f4 Rb5 31. Rxe5+ Rxe5 32. fxe5 Kxe5 33. Kd3 Kd5 34. b4 g5 35. a4 h5 36. g3 g4 37. b5 Kc5 38. a5 Kxb5 39. Kxd4 Kxa5 40. Ke5 Kb4 41. Kxf5 a5 42. Kg5 a4 43. Kxh5 a3 0-1

[Event "Charlesbourg Festival"]
[Site "Charlesbourg CAN"]
[Date "2013.06.24"]
[Round "4"]
[White "Beaudoin, Stephane"]
[Black "Lessard, Claude"]
[Result "1/2-1/2"]
[WhiteElo "2015"]
[BlackElo "2115"]
[PlyCount "82"]
[GameId "2160767909347757"]
[EventDate "2013.06.03"]
[EventType "swiss"]
[EventRounds "5"]
[EventCountry "CAN"]
[SourceTitle "EXT 2022"]
[Source "ChessBase"]
[SourceDate "2021.10.06"]
[SourceVersion "1"]
[SourceVersionDate "2021.10.06"]
[SourceQuality "1"]

1. g3 e5 2. Bg2 d5 3. d3 Bc5 4. Nf3 Nc6 5. O-O Bb6 6. Nc3 Nge7 7. Na4 O-O 8. Nxb6 axb6 9. b3 f6 10. Nd2 b5 11. c4 bxc4 12. bxc4 dxc4 13. Nxc4 Be6 14. Qc2 Bd5 15. Ba3 Bxg2 16. Kxg2 Qd5+ 17. Kg1 Rfd8 18. Ne3 Qf7 19. Bxe7 Qxe7 20. Rfb1 Ra7 21. Qc4+ Qf7 22. Qc5 Qe6 23. Rb2 b6 24. Qc4 Qxc4 25. Nxc4 Kf7 26. Rc1 Nd4 27. Kf1 Rda8 28. e3 Ne6 29. a3 Nc5 30. Rd1 Rd8 31. d4 Ra4 32. Rb4 Rxb4 33. axb4 Na6 34. Ra1 Nxb4 35. Ra7 exd4 36. Rxc7+ Kg6 37. exd4 b5 38. Ne3 Rxd4 39. Rc5 Rd2 40. Rxb5 Nc6 41. h4 h5 1/2-1/2

[Event "Charlesbourg Festival"]
[Site "Charlesbourg CAN"]
[Date "2013.06.24"]
[Round "4"]
[White "Cournoyer, Dominic"]
[Black "Laflamme, Simon"]
[Result "0-1"]
[WhiteElo "1900"]
[BlackElo "2070"]
[PlyCount "64"]
[GameId "2160767909347758"]
[EventDate "2013.06.03"]
[EventType "swiss"]
[EventRounds "5"]
[EventCountry "CAN"]
[SourceTitle "EXT 2022"]
[Source "ChessBase"]
[SourceDate "2021.10.06"]
[SourceVersion "1"]
[SourceVersionDate "2021.10.06"]
[SourceQuality "1"]

1. c4 c5 2. Nf3 Nf6 3. d4 cxd4 4. Nxd4 e5 5. Nb5 d5 6. cxd5 Bc5 7. e3 O-O 8. N5c3 e4 9. Bc4 Qe7 10. Nb5 Rd8 11. N1c3 a6 12. Nd4 b5 13. Bb3 Bb7 14. Nf5 Qe5 15. Ng3 Nc6 16. a3 Ne7 17. Qc2 Rac8 18. Ngxe4 Nexd5 19. O-O Nxc3 20. Nxf6+ Qxf6 21. bxc3 Qe5 22. Bb2 Be4 23. Qe2 Bd3 24. Qf3 Bxf1 25. Qxf7+ Kh8 26. Rxf1 Rf8 27. Qd5 Qe7 28. a4 Bxe3 29. Qe6 Bxf2+ 30. Kh1 Qh4 31. c4 Bg3 32. Bxg7+ Kxg7 0-1

[Event "Charlesbourg Festival"]
[Site "Charlesbourg CAN"]
[Date "2013.06.24"]
[Round "4"]
[White "Garneau, Benoit"]
[Black "Plante, Rejean"]
[Result "1/2-1/2"]
[WhiteElo "1881"]
[BlackElo "2010"]
[PlyCount "93"]
[GameId "2160767909347759"]
[EventDate "2013.06.03"]
[EventType "swiss"]
[EventRounds "5"]
[EventCountry "CAN"]
[SourceTitle "EXT 2022"]
[Source "ChessBase"]
[SourceDate "2021.10.06"]
[SourceVersion "1"]
[SourceVersionDate "2021.10.06"]
[SourceQuality "1"]

1. Nf3 c5 2. e4 e6 3. d3 d5 4. Nbd2 Nc6 5. g3 Nf6 6. Bg2 Be7 7. O-O O-O 8. e5 Nd7 9. Re1 b5 10. Qe2 Bb7 11. h4 Qc7 12. Nf1 Nd4 13. Nxd4 cxd4 14. Bf4 Rfc8 15. Rec1 b4 16. Nh2 a5 17. Nf3 Qb6 18. Ng5 h6 19. Nf3 a4 20. b3 Ra5 21. g4 Rca8 22. h5 axb3 23. cxb3 Rc8 24. Rxc8+ Bxc8 25. Rc1 Ba6 26. Qd2 Bf8 27. Bf1 Rc5 28. g5 hxg5 29. Bxg5 Rxc1 30. Qxc1 Qc5 31. Qf4 Qc3 32. h6 Bxd3 33. hxg7 Bxg7 34. Bf6 Bg6 35. Bxg7 Kxg7 36. Nxd4 Qe1 37. Nc6 Qc3 38. Nd4 Qa1 39. Nc6 Qxa2 40. Qxb4 Qc2 41. Qd6 Nc5 42. Nd4 Qc1 43. Qe7 Kh7 44. Qh4+ Qh6 45. Qxh6+ Kxh6 46. b4 Nd7 47. f4 1/2-1/2

[Event "Charlesbourg Festival"]
[Site "Charlesbourg CAN"]
[Date "2013.06.24"]
[Round "4"]
[White "Glode, Martin"]
[Black "Poliquin, Yvone"]
[Result "1/2-1/2"]
[WhiteElo "1798"]
[BlackElo "2035"]
[PlyCount "106"]
[GameId "2160767909347760"]
[EventDate "2013.06.03"]
[EventType "swiss"]
[EventRounds "5"]
[EventCountry "CAN"]
[SourceTitle "EXT 2022"]
[Source "ChessBase"]
[SourceDate "2021.10.06"]
[SourceVersion "1"]
[SourceVersionDate "2021.10.06"]
[SourceQuality "1"]

1. e4 c5 2. c3 d6 3. d4 Nf6 4. dxc5 Nc6 5. Bc4 Nxe4 6. Bxf7+ Kxf7 7. Qd5+ Be6 8. Qxe4 dxc5 9. Nf3 Bd5 10. Qg4 Bxf3 11. Qxf3+ Ke8 12. Qh5+ g6 13. Qxc5 Qd3 14. Qe3 Qd7 15. O-O Bg7 16. Qe2 Rd8 17. Be3 Rf8 18. Nd2 Qf5 19. Nf3 Rf6 20. Rad1 Rfd6 21. Rxd6 Rxd6 22. Rd1 Qd7 23. Rxd6 Qxd6 24. Qd2 Qe6 25. b3 Qe4 26. h3 Bf6 27. Ne1 Qb1 28. Kh2 Be5+ 29. f4 Bc7 30. Nf3 h6 31. Qd5 Qf5 32. Qxf5 gxf5 33. g3 a6 34. Nd4 Nxd4 35. Bxd4 h5 36. Kg2 Kd7 37. Kf3 Ke6 38. c4 Kf7 39. Ke3 Ba5 40. Kf3 e6 41. Bf2 Bc3 42. g4 hxg4+ 43. hxg4 Kg6 44. Bc5 e5 45. fxe5 Bxe5 46. gxf5+ Kxf5 47. Be3 Bc3 48. Bb6 Ke5 49. Ke3 Kd6 50. Ke4 Bb4 51. Bd4 Ba3 52. Bb6 Kc6 53. Bd4 b5 1/2-1/2

[Event "Charlesbourg Festival"]
[Site "Charlesbourg CAN"]
[Date "2013.06.24"]
[Round "4"]
[White "Letourneau, Sylvain"]
[Black "Rouleau, Claude"]
[Result "1/2-1/2"]
[WhiteElo "1310"]
[BlackElo "1729"]
[PlyCount "102"]
[GameId "2160767909347761"]
[EventDate "2013.06.03"]
[EventType "swiss"]
[EventRounds "5"]
[EventCountry "CAN"]
[SourceTitle "EXT 2022"]
[Source "ChessBase"]
[SourceDate "2021.10.06"]
[SourceVersion "1"]
[SourceVersionDate "2021.10.06"]
[SourceQuality "1"]

1. e4 e5 2. Nf3 Nc6 3. Bc4 Nf6 4. d3 Be7 5. O-O O-O 6. Nc3 d6 7. h3 Be6 8. Bxe6 fxe6 9. Ng5 Qd7 10. Be3 d5 11. exd5 exd5 12. d4 exd4 13. Bxd4 Nxd4 14. Qxd4 c5 15. Qd2 d4 16. Nce4 h6 17. Nxf6+ Rxf6 18. Ne4 Rg6 19. Ng3 b5 20. Qd3 Qc6 21. Qe4 Qxe4 22. Nxe4 a5 23. a4 Rb6 24. axb5 Rxb5 25. b3 Rb4 26. Ra4 Rxa4 27. bxa4 Rb8 28. f3 Rb2 29. Rc1 Bg5 30. Nxg5 hxg5 31. Kf1 Kf7 32. Ke2 Ke6 33. Kd3 Kd5 34. c4+ Kd6 35. Rc2 Rb4 36. Ra2 Ke5 37. Re2+ Kf5 38. Re7 Rxa4 39. Rc7 Ra3+ 40. Kd2 Kf4 41. Rxc5 Rc3 42. Rxa5 Rxc4 43. Kd3 Rb4 44. Rd5 Ra4 45. Rxd4+ Rxd4+ 46. Kxd4 Kg3 47. Ke5 Kxg2 48. Kf5 Kxf3 49. Kxg5 Kg3 50. h4 g6 51. Kxg6 Kxh4 1/2-1/2

[Event "Charlesbourg Festival"]
[Site "Charlesbourg CAN"]
[Date "2013.06.24"]
[Round "4"]
[White "Robitaille, Serge"]
[Black "Sarra-Bournet, Marc"]
[Result "0-1"]
[WhiteElo "1600"]
[BlackElo "1850"]
[PlyCount "50"]
[GameId "2160767909347762"]
[EventDate "2013.06.03"]
[EventType "swiss"]
[EventRounds "5"]
[EventCountry "CAN"]
[SourceTitle "EXT 2022"]
[Source "ChessBase"]
[SourceDate "2021.10.06"]
[SourceVersion "1"]
[SourceVersionDate "2021.10.06"]
[SourceQuality "1"]

1. e4 e5 2. Nc3 Nf6 3. f4 d6 4. Nf3 Nc6 5. Be2 Be7 6. O-O O-O 7. d4 exd4 8. Nxd4 Bd7 9. Be3 Re8 10. Nxc6 Bxc6 11. Bd3 Bf8 12. e5 dxe5 13. fxe5 Rxe5 14. Rxf6 Qxf6 15. Bd4 Qg5 16. Qf1 Bc5 17. Bxc5 Rxc5 18. Re1 Re5 19. Rxe5 Qxe5 20. Bc4 Rf8 21. Kh1 a6 22. h3 b5 23. Bb3 b4 24. Qxa6 bxc3 25. Qxc6 cxb2 0-1

[Event "Charlesbourg Festival"]
[Site "Charlesbourg CAN"]
[Date "2013.06.24"]
[Round "4"]
[White "Tremblay-Alix, Eric"]
[Black "Fecteau, Martin"]
[Result "0-1"]
[WhiteElo "1890"]
[BlackElo "1882"]
[PlyCount "108"]
[GameId "2160767909347763"]
[EventDate "2013.06.03"]
[EventType "swiss"]
[EventRounds "5"]
[EventCountry "CAN"]
[SourceTitle "EXT 2022"]
[Source "ChessBase"]
[SourceDate "2021.10.06"]
[SourceVersion "1"]
[SourceVersionDate "2021.10.06"]
[SourceQuality "1"]

1. f4 Nf6 2. Nf3 g6 3. c4 Bg7 4. Nc3 O-O 5. d4 d6 6. Qc2 Nc6 7. e4 e5 8. fxe5 dxe5 9. dxe5 Ng4 10. Bg5 f6 11. exf6 Nxf6 12. Nd5 Qd6 13. O-O-O Nxd5 14. cxd5 Ne5 15. Nd4 Kh8 16. h4 Bg4 17. Rd2 h5 18. Nb5 Qd7 19. Nxc7 Rac8 20. d6 a6 21. Qc5 Qa4 22. Qd5 Nc6 23. Bc4 Nb4 24. Bb3 Nxd5 25. Bxa4 Nxc7 26. d7 Rcd8 27. Bxd8 Rxd8 28. Rf1 b5 29. Bb3 Bh6 30. Rf7 Bxd2+ 31. Kxd2 Rxd7+ 32. Rxd7 Bxd7 33. Ke3 Be6 34. Bc2 Kg7 35. a4 bxa4 36. Bxa4 Nb5 37. Kf4 Kf6 38. e5+ Kf7 39. Bc2 Nd4 40. Bd3 a5 41. Kg5 Bf5 42. Bc4+ Kg7 43. Bd5 Ne6+ 44. Bxe6 Bxe6 45. Kf4 Kf7 46. Ke4 Ke7 47. g3 Bb3 48. Ke3 Ke6 49. Ke4 Bc2+ 50. Kd4 a4 51. Kc3 Bb3 52. Kd4 Bd5 53. Kd3 Kxe5 54. Ke3 Kf5 0-1

[Event "Charlesbourg Festival"]
[Site "Charlesbourg CAN"]
[Date "2013.07.01"]
[Round "5"]
[White "Glode, Martin"]
[Black "Garneau, Benoit"]
[Result "1-0"]
[WhiteElo "1798"]
[BlackElo "1881"]
[PlyCount "49"]
[GameId "2160767909347764"]
[EventDate "2013.06.03"]
[EventType "swiss"]
[EventRounds "5"]
[EventCountry "CAN"]
[SourceTitle "EXT 2022"]
[Source "ChessBase"]
[SourceDate "2021.10.06"]
[SourceVersion "1"]
[SourceVersionDate "2021.10.06"]
[SourceQuality "1"]

1. e4 c5 2. c3 e6 3. d4 d5 4. exd5 exd5 5. Nf3 Nc6 6. Be3 cxd4 7. Nxd4 Nf6 8. Be2 Be7 9. Nd2 O-O 10. O-O Nxd4 11. Bxd4 Be6 12. Bd3 Qd7 13. Qc2 g6 14. Nf3 Nh5 15. Qd2 f5 16. Ng5 f4 17. Nxe6 Qxe6 18. Rae1 Qd7 19. Be2 Nf6 20. Qxf4 Ne4 21. Qg4 Qd6 22. Be3 Rf5 23. Qh3 Raf8 24. Bg4 R5f6 25. Rd1 1-0

[Event "Charlesbourg Festival"]
[Site "Charlesbourg CAN"]
[Date "2013.07.01"]
[Round "5"]
[White "Pelletier, Daniel"]
[Black "Rouleau, Claude"]
[Result "0-1"]
[WhiteElo "1430"]
[BlackElo "1729"]
[PlyCount "40"]
[GameId "2160767909347765"]
[EventDate "2013.06.03"]
[EventType "swiss"]
[EventRounds "5"]
[EventCountry "CAN"]
[SourceTitle "EXT 2022"]
[Source "ChessBase"]
[SourceDate "2021.10.06"]
[SourceVersion "1"]
[SourceVersionDate "2021.10.06"]
[SourceQuality "1"]

1. Nf3 d5 2. d4 Nf6 3. e3 Bg4 4. Be2 e6 5. Ne5 Bxe2 6. Qxe2 Nbd7 7. Nxd7 Qxd7 8. Nd2 c5 9. c3 cxd4 10. exd4 Bd6 11. Nf3 O-O 12. O-O Qc7 13. h3 a6 14. Re1 Ne4 15. Kh1 b5 16. Ng5 Nxf2+ 17. Kg1 Bg3 18. Rf1 h6 19. Nf3 Ne4 20. Nd2 Bh2+ 0-1

[Event "Charlesbourg Festival"]
[Site "Charlesbourg CAN"]
[Date "2013.07.01"]
[Round "5"]
[White "Plante, Rejean"]
[Black "Beaudoin, Stephane"]
[Result "1/2-1/2"]
[WhiteElo "2010"]
[BlackElo "2015"]
[PlyCount "27"]
[GameId "2160767909347766"]
[EventDate "2013.06.03"]
[EventType "swiss"]
[EventRounds "5"]
[EventCountry "CAN"]
[SourceTitle "EXT 2022"]
[Source "ChessBase"]
[SourceDate "2021.10.06"]
[SourceVersion "1"]
[SourceVersionDate "2021.10.06"]
[SourceQuality "1"]

1. e4 c5 2. Nf3 d6 3. d4 cxd4 4. Nxd4 Nf6 5. Nc3 Nc6 6. Be2 g6 7. Be3 Bg7 8. Qd2 O-O 9. O-O-O Bd7 10. f3 Qa5 11. Kb1 Rfc8 12. g4 Ne5 13. Nd5 Qxd2 14. Nxf6+ 1/2-1/2

[Event "Charlesbourg Festival"]
[Site "Charlesbourg CAN"]
[Date "2013.07.01"]
[Round "5"]
[White "Sarra-Bournet, Marc"]
[Black "Cournoyer, Dominic"]
[Result "0-1"]
[WhiteElo "1850"]
[BlackElo "1950"]
[PlyCount "88"]
[GameId "2160767909347767"]
[EventDate "2013.06.03"]
[EventType "swiss"]
[EventRounds "5"]
[EventCountry "CAN"]
[SourceTitle "EXT 2022"]
[Source "ChessBase"]
[SourceDate "2021.10.06"]
[SourceVersion "1"]
[SourceVersionDate "2021.10.06"]
[SourceQuality "1"]

1. e4 d5 2. exd5 Nf6 3. d4 Nxd5 4. c4 Nf6 5. Nf3 Bg4 6. Be2 e6 7. O-O Be7 8. Nc3 O-O 9. Be3 Nbd7 10. h3 Bh5 11. g4 Bg6 12. Nh4 e5 13. Nxg6 hxg6 14. Qc2 exd4 15. Bxd4 c5 16. Be3 Qc7 17. Rad1 a6 18. Bf3 Ne5 19. Be2 Nc6 20. Nd5 Nxd5 21. cxd5 Nb4 22. Qb1 Rad8 23. Bf3 Qe5 24. Rfe1 Bd6 25. Bg2 Qh2+ 26. Kf1 a5 27. a3 Na6 28. Qc1 f5 29. Bg5 Rd7 30. Qe3 Nb8 31. Rd2 Kh7 32. Qf3 Rdf7 33. Re6 Nd7 34. gxf5 Rxf5 35. Qe4 Rxg5 36. Qh4+ Rh5 37. Qg4 Qf4 38. Qxf4 Bxf4 39. Rde2 Re5 40. Re7 Rxe7 41. Rxe7 Rd8 42. h4 b6 43. Bh3 Nf6 44. Rf7 Bc1 0-1

[Event "Charlesbourg Keres"]
[Site "Charlesbourg CAN"]
[Date "2013.03.25"]
[Round "1"]
[White "Garneau, Benoit"]
[Black "Tremblay, Rejean"]
[Result "1-0"]
[WhiteElo "1908"]
[BlackElo "2211"]
[PlyCount "67"]
[GameId "2160767909373015"]
[EventDate "2013.03.25"]
[EventType "swiss"]
[EventRounds "5"]
[EventCountry "CAN"]
[SourceTitle "EXT 2022"]
[Source "ChessBase"]
[SourceDate "2021.10.06"]
[SourceVersion "1"]
[SourceVersionDate "2021.10.06"]
[SourceQuality "1"]

1. e4 e6 2. d3 d5 3. Nd2 c5 4. Ngf3 Nc6 5. g3 g6 6. Bg2 Bg7 7. O-O Nge7 8. Re1 O-O 9. c3 a5 10. Qe2 e5 11. exd5 Nxd5 12. Nc4 Re8 13. a4 h6 14. Nh4 Be6 15. h3 Rb8 16. Kh2 Kh7 17. Nf3 f6 18. Qc2 Bf7 19. Nfd2 f5 20. Nf1 Qd7 21. Bd2 Rbd8 22. Rad1 Qc7 23. Bc1 Kh8 24. Nfe3 Nf4 25. Bxc6 bxc6 26. gxf4 exf4 27. Nf1 Bxc4 28. dxc4 f3+ 29. Kg1 Qc8 30. Rxd8 Rxd8 31. Rd1 f4 32. Rxd8+ Qxd8 33. Qxg6 Qd3 34. Qxd3 1-0

[Event "Charlesbourg Keres"]
[Site "Charlesbourg CAN"]
[Date "2013.04.01"]
[Round "2"]
[White "Garneau, Benoit"]
[Black "Tremblay-Alix, Eric"]
[Result "0-1"]
[WhiteElo "1908"]
[BlackElo "1870"]
[PlyCount "46"]
[GameId "2160767909373016"]
[EventDate "2013.03.25"]
[EventType "swiss"]
[EventRounds "5"]
[EventCountry "CAN"]
[SourceTitle "EXT 2022"]
[Source "ChessBase"]
[SourceDate "2021.10.06"]
[SourceVersion "1"]
[SourceVersionDate "2021.10.06"]
[SourceQuality "1"]

1. e4 e5 2. Nf3 Nf6 3. Nxe5 d6 4. Nf3 Nxe4 5. Nc3 Nxc3 6. dxc3 Nc6 7. Be3 Be7 8. Qd2 Be6 9. O-O-O h6 10. Be2 Qd7 11. Kb1 Na5 12. c4 Bxc4 13. Rhe1 Bxe2 14. Rxe2 Nc4 15. Qc3 Nxe3 16. Qxg7 O-O-O 17. Rxe3 Bg5 18. Nxg5 hxg5 19. Qxg5 Rxh2 20. Rde1 Rdh8 21. Re7 Rh1 22. Qe3 Rxe1+ 23. Qxe1 Qxe7 0-1

[Event "Charlesbourg Keres"]
[Site "Charlesbourg CAN"]
[Date "2013.04.01"]
[Round "2"]
[White "Tremblay, Rejean"]
[Black "Beaudoin, Stephane"]
[Result "1-0"]
[WhiteElo "2211"]
[BlackElo "2006"]
[PlyCount "75"]
[GameId "2160767909373017"]
[EventDate "2013.03.25"]
[EventType "swiss"]
[EventRounds "5"]
[EventCountry "CAN"]
[SourceTitle "EXT 2022"]
[Source "ChessBase"]
[SourceDate "2021.10.06"]
[SourceVersion "1"]
[SourceVersionDate "2021.10.06"]
[SourceQuality "1"]

1. d4 Nf6 2. c4 g6 3. Nf3 Bg7 4. Nc3 O-O 5. e4 d6 6. Be2 c5 7. d5 Na6 8. h3 Nc7 9. O-O a6 10. a4 Rb8 11. Bd2 Bd7 12. Qb3 b5 13. axb5 axb5 14. cxb5 Nxb5 15. Nxb5 Bxb5 16. Bxb5 Qb6 17. Ra5 Nxe4 18. Qa4 Nxd2 19. Nxd2 Qb7 20. Qa2 Qc8 21. Re1 Qf5 22. Ne4 Bd4 23. Re2 Rb6 24. Qc4 Be5 25. b3 Rfb8 26. Nd2 Bf4 27. Nf3 Bh6 28. Rxe7 Bg7 29. Qe2 Bc3 30. Re8+ Kg7 31. Rxb8 Rxb8 32. Ra7 Qb1+ 33. Kh2 Qxb3 34. Qe6 Rf8 35. Be8 Qb4 36. Rxf7+ Rxf7 37. Qxf7+ Kh6 38. g4 1-0

[Event "Charlesbourg Keres"]
[Site "Charlesbourg CAN"]
[Date "2013.04.08"]
[Round "3"]
[White "Tremblay-Alix, Eric"]
[Black "Tremblay, Rejean"]
[Result "1-0"]
[WhiteElo "1870"]
[BlackElo "2211"]
[PlyCount "129"]
[GameId "2160767909373018"]
[EventDate "2013.03.25"]
[EventType "swiss"]
[EventRounds "5"]
[EventCountry "CAN"]
[SourceTitle "EXT 2022"]
[Source "ChessBase"]
[SourceDate "2021.10.06"]
[SourceVersion "1"]
[SourceVersionDate "2021.10.06"]
[SourceQuality "1"]

1. c4 g6 2. Nf3 Bg7 3. d4 Nf6 4. Nc3 O-O 5. e4 d6 6. Be2 e5 7. d5 a5 8. Bg5 h6 9. Bd2 Na6 10. Qc1 Kh7 11. h4 Nc5 12. Ng5+ hxg5 13. hxg5+ Nh5 14. Qd1 Kg8 15. Bxh5 gxh5 16. Qxh5 Re8 17. O-O-O Bd7 18. Rh4 c6 19. Rdh1 Nd3+ 20. Kb1 Kf8 21. g6 Qb6 22. Na4 Qxf2 23. gxf7 Re7 24. Qg6 Rxf7 25. Rh8+ Ke7 26. Bg5+ Bf6 27. Bxf6+ Rxf6 28. R1h7+ Rf7 29. Rxf7+ Qxf7 30. Rh7 Rf8 31. Rxf7+ Rxf7 32. Qg5+ Ke8 33. Qg8+ Rf8 34. Qg6+ Ke7 35. Qg5+ Ke8 36. Qh5+ Kd8 37. Qe2 Nb4 38. a3 Bg4 39. Qe1 Nd3 40. Qxa5+ Kd7 41. dxc6+ bxc6 42. Qa7+ Ke6 43. Kc2 Ne1+ 44. Kc3 Nxg2 45. Nb6 Rf3+ 46. Kb4 Rf7 47. Qa8 c5+ 48. Kb5 Ne3 49. Qc8+ Kf6 50. Qd8+ Ke6 51. Kc6 Re7 52. Nd5 Nxd5 53. cxd5+ Kf7 54. Qxd6 c4 55. Qc5 Re8 56. Qf2+ Kg6 57. Qg3 Kh5 58. d6 Rg8 59. Qxe5+ Kh4 60. d7 Rg6+ 61. Kc7 Bxd7 62. Kxd7 Rg5 63. Qxg5+ Kxg5 64. e5 c3 65. bxc3 1-0

[Event "Charlesbourg Keres"]
[Site "Charlesbourg CAN"]
[Date "2013.04.15"]
[Round "4"]
[White "Tremblay, Rejean"]
[Black "Lessard, Claude"]
[Result "0-1"]
[WhiteElo "2211"]
[BlackElo "2053"]
[PlyCount "52"]
[GameId "2160767909373019"]
[EventDate "2013.03.25"]
[EventType "swiss"]
[EventRounds "5"]
[EventCountry "CAN"]
[SourceTitle "EXT 2022"]
[Source "ChessBase"]
[SourceDate "2021.10.06"]
[SourceVersion "1"]
[SourceVersionDate "2021.10.06"]
[SourceQuality "1"]

1. d4 Nf6 2. Bg5 e6 3. c4 d5 4. Nc3 c6 5. Nf3 Nbd7 6. e3 Bd6 7. Rc1 O-O 8. Bd3 dxc4 9. Bxc4 b5 10. Bd3 a6 11. O-O Bb7 12. Ne4 Be7 13. Nxf6+ Bxf6 14. Bxf6 Qxf6 15. Be4 Rac8 16. Qe2 Qe7 17. Rfd1 Nf6 18. Bb1 c5 19. dxc5 Rxc5 20. Nd4 Rfc8 21. Rxc5 Qxc5 22. Nb3 Qg5 23. f3 Nd5 24. e4 Nf4 25. Qd2 h5 26. Na5 Rc1 0-1

[Event "Charlesbourg Millenium"]
[Site "Charlesbourg CAN"]
[Date "2013.10.07"]
[Round "1"]
[White "Beauchesne, Jonathan"]
[Black "Tremblay, Rejean"]
[Result "0-1"]
[WhiteElo "1779"]
[BlackElo "2087"]
[PlyCount "86"]
[GameId "2160767909229299"]
[EventDate "2013.10.07"]
[EventType "swiss"]
[EventRounds "5"]
[EventCountry "CAN"]
[SourceTitle "EXT 2022"]
[Source "ChessBase"]
[SourceDate "2021.10.06"]
[SourceVersion "1"]
[SourceVersionDate "2021.10.06"]
[SourceQuality "1"]

1. e4 c5 2. c3 Qa5 3. Nf3 Nc6 4. Na3 d6 5. Bb5 Bd7 6. O-O Nf6 7. Re1 e6 8. d4 cxd4 9. cxd4 d5 10. exd5 Nxd5 11. Bxc6 Bxc6 12. Nc4 Qc7 13. Nce5 f6 14. Nxc6 Qxc6 15. Bd2 Kf7 16. Rc1 Qd7 17. Qb3 Bd6 18. Rc2 a6 19. Rec1 Qb5 20. Qxb5 axb5 21. a3 Ra4 22. Rc8 Rxc8 23. Rxc8 b4 24. axb4 Ra1+ 25. Rc1 Ra2 26. Rb1 Bxb4 27. Kf1 Bxd2 28. Nxd2 Ra4 29. Nf3 Rc4 30. g3 g5 31. Ke1 g4 32. Nd2 Rxd4 33. Rc1 b6 34. Ke2 h5 35. Rc8 Rb4 36. b3 f5 37. Kd3 Rb5 38. Rb8 Ra5 39. Nc4 Ra2 40. Nd2 Rb2 41. Rc8 e5 42. Rc1 Ke7 43. Rb1 e4+ 0-1

[Event "Charlesbourg Millenium"]
[Site "Charlesbourg CAN"]
[Date "2013.10.07"]
[Round "1"]
[White "Drolet, Stephane"]
[Black "Dube, Daniel"]
[Result "1-0"]
[WhiteElo "2131"]
[BlackElo "1807"]
[PlyCount "79"]
[GameId "2160767909229300"]
[EventDate "2013.10.07"]
[EventType "swiss"]
[EventRounds "5"]
[EventCountry "CAN"]
[SourceTitle "EXT 2022"]
[Source "ChessBase"]
[SourceDate "2021.10.06"]
[SourceVersion "1"]
[SourceVersionDate "2021.10.06"]
[SourceQuality "1"]

1. Nf3 e6 2. c4 Nf6 3. Nc3 Bb4 4. Qb3 c5 5. a3 Bxc3 6. Qxc3 O-O 7. d3 d6 8. b4 b6 9. g3 Bb7 10. Bg2 Nbd7 11. O-O Qc7 12. Bb2 d5 13. cxd5 exd5 14. e3 Rac8 15. Rfc1 Qd6 16. Qb3 Ba8 17. Nh4 Qe6 18. Qa4 Rc7 19. Nf3 Bc6 20. Qd1 h6 21. Qd2 Re8 22. a4 Qf5 23. b5 Bb7 24. a5 Rcc8 25. axb6 axb6 26. Ra7 Rc7 27. Nd4 Qh7 28. Ne2 Ng4 29. Nf4 Nde5 30. d4 g5 31. dxe5 gxf4 32. exf4 h5 33. Qd1 Qf5 34. Bf1 d4 35. Bd3 Qd7 36. h3 Nxe5 37. fxe5 Qxh3 38. Rxb7 Rxb7 39. Qf3 Rbe7 40. Bf5 1-0

[Event "Charlesbourg Millenium"]
[Site "Charlesbourg CAN"]
[Date "2013.10.07"]
[Round "1"]
[White "Glode, Martin"]
[Black "Lessard, Claude"]
[Result "0-1"]
[WhiteElo "1870"]
[BlackElo "2140"]
[PlyCount "56"]
[GameId "2160767909229301"]
[EventDate "2013.10.07"]
[EventType "swiss"]
[EventRounds "5"]
[EventCountry "CAN"]
[SourceTitle "EXT 2022"]
[Source "ChessBase"]
[SourceDate "2021.10.06"]
[SourceVersion "1"]
[SourceVersionDate "2021.10.06"]
[SourceQuality "1"]

1. e4 d6 2. d4 g6 3. Nc3 Bg7 4. Be3 Nf6 5. h3 O-O 6. f4 c5 7. Nf3 Nh5 8. Ne2 cxd4 9. Bxd4 Bxd4 10. Qxd4 Nc6 11. Qd2 a5 12. g4 Nf6 13. Nc3 b5 14. Bxb5 Qb6 15. Qf2 Qb7 16. a4 Nb4 17. Qe2 d5 18. Bd3 Nxd3+ 19. cxd3 dxe4 20. dxe4 Rb8 21. O-O Qc7 22. Nd4 Rb4 23. Ndb5 Qb6+ 24. Kh2 Bb7 25. Rfe1 Nxe4 26. Rad1 Nxc3 27. bxc3 Rxf4 28. Rf1 Qc7 0-1

[Event "Charlesbourg Millenium"]
[Site "Charlesbourg CAN"]
[Date "2013.10.07"]
[Round "1"]
[White "Laflamme, Simon"]
[Black "Doyon, Stephane"]
[Result "1-0"]
[WhiteElo "2053"]
[BlackElo "1714"]
[PlyCount "61"]
[GameId "2160767909229302"]
[EventDate "2013.10.07"]
[EventType "swiss"]
[EventRounds "5"]
[EventCountry "CAN"]
[SourceTitle "EXT 2022"]
[Source "ChessBase"]
[SourceDate "2021.10.06"]
[SourceVersion "1"]
[SourceVersionDate "2021.10.06"]
[SourceQuality "1"]

1. d4 d5 2. c4 c6 3. Nc3 Nf6 4. Nf3 dxc4 5. a4 Bf5 6. Ne5 Nbd7 7. Nxc4 e6 8. f3 Bb4 9. e4 Bxe4 10. fxe4 Nxe4 11. Qf3 Ndf6 12. Bd2 Nxd2 13. Kxd2 Qxd4+ 14. Kc2 O-O 15. Rd1 Qc5 16. Nd6 Nd5 17. Nde4 Qb6 18. Rd3 Qa5 19. Kb1 e5 20. Nxd5 cxd5 21. Rxd5 Qxa4 22. Bb5 Qa5 23. Bd3 Qc7 24. Nf6+ Kh8 25. Nxh7 Rfe8 26. Qh3 Kg8 27. Rd7 Qxd7 28. Qxd7 Rad8 29. Qf5 Rd6 30. Ng5 g6 31. Qxf7+ 1-0